Die Deutschen Privatpost-Anstalten: I. Aachen bis Berlin (Record no. 1787)

000 -LEADER
fixed length control field 00629nam a22000977a 4500
008 - FIXED-LENGTH DATA ELEMENTS--GENERAL INFORMATION
fixed length control field 160220b xxu||||| |||| 00| 0 eng d
100 ## - MAIN ENTRY--AUTHOR'S NAME
Author's Name Meier zu Eissen, Hans
245 ## - TITLE STATEMENT
Title Die Deutschen Privatpost-Anstalten: I. Aachen bis Berlin
260 ## - PUBLICATION, DISTRIBUTION, ETC. (IMPRINT)
Place of publication, distribution, etc. Braunschweig, Germany
Name of publisher, distributor, etc. Richard Borek
Date of publication, distribution, etc. 1979
650 ## - TOPICAL TERM (Tag)
Topical term or geographic name Germany | Saxony | Dresden | Germany -- Saxony (1858-1868) | German States | Locals and Private Posts | Postal Stationery | Cards | Post Cards | Printed to Private Order Postal Stationery | 19th Century | 20th Century | Catalogs and Price Lists | Express Companies | Postal History | Postal Markings | Postal Rates | Cinderella Material
Holdings
Withdrawn status Lost status Source of classification or shelving scheme Damaged status Koha normalized classification for sorting Not for loan Permanent Location Current Location Date acquired Total Checkouts Full call number Barcode Date last seen Copy number Price effective from
        G6081 L811 M511   Northern Philatelic Library Northern Philatelic Library 02/20/2016   G6081 .L811 M511 1002038 02/20/2016 1 02/20/2016

Powered by Koha